[Event "Scarborough CC Jack Frost U1700"]
[Site "Toronto CAN"]
[Date "2011.01.06"]
[Round "1"]
[White "Roy, Harrison"]
[Black "Song, Eric"]
[Result "0-1"]
[WhiteElo "965"]
[BlackElo "1417"]
[PlyCount "66"]
[GameId "2160767909829560"]
[EventDate "2011.01.06"]
[EventType "swiss"]
[EventRounds "7"]
[EventCountry "CAN"]

1. e4 e5 2. Nf3 Nc6 3. Bb5 a6 4. Bxc6 dxc6 5. O-O Bd6 6. Nc3 Bg4 7. h3 Bh5 8. Re1 Nf6 9. Re3 O-O 10. Rd3 Qe7 11. Qe1 Rad8 12. Qe3 h6 13. Qa7 Rb8 14. Nh4 Bc5 15. Nf5 Bxa7 16. Nxe7+ Kh7 17. g4 Bg6 18. Nxg6 fxg6 19. Rg3 Bd4 20. g5 hxg5 21. Rxg5 Bxf2+ 22. Kg2 Bd4 23. b3 Nh5 24. h4 Rf2+ 25. Kh1 Rbf8 26. Bb2 R8f3 27. Nd1 Rf1+ 28. Kg2 Bxb2 29. Nxb2 R3f2+ 30. Kh3 Rxa1 31. Rxe5 Rh1+ 32. Kg4 Rf4+ 33. Kg5 Rg1# 0-1

[Event "Scarborough CC Jack Frost U1700"]
[Site "Toronto CAN"]
[Date "2011.01.06"]
[Round "1"]
[White "Smith, Maurice"]
[Black "Vyravanathan, Sobiga"]
[Result "1/2-1/2"]
[WhiteElo "1561"]
[BlackElo "1254"]
[PlyCount "66"]
[GameId "2160767909829561"]
[EventDate "2011.01.06"]
[EventType "swiss"]
[EventRounds "7"]
[EventCountry "CAN"]

1. d4 Nf6 2. c4 e6 3. Nf3 Bb4+ 4. Bd2 Bxd2+ 5. Nbxd2 O-O 6. e3 d5 7. Rc1 Nc6 8. a3 Re8 9. Ne5 Bd7 10. Bd3 a6 11. O-O Qe7 12. Ndf3 h6 13. Qc2 Rab8 14. Nxc6 Bxc6 15. Ne5 Rbc8 16. b4 Red8 17. c5 Qe8 18. Nxf7 Qxf7 19. Bg6 Qe7 20. f4 Be8 21. Bd3 Qd7 22. Rf3 Qa4 23. Qb2 Bh5 24. Rh3 Bg4 25. Rg3 Bf5 26. Qc3 Bxd3 27. Qxd3 Qd7 28. Qg6 Qf7 29. Qxh6 Nh5 30. Rg5 Nf6 31. Rd1 Ne4 32. Rg4 Nf6 33. Rg5 Ne4 1/2-1/2

[Event "Scarborough CC Jack Frost U1700"]
[Site "Toronto CAN"]
[Date "2011.01.06"]
[Round "1"]
[White "Souchko, Larissa"]
[Black "Law, James"]
[Result "0-1"]
[WhiteElo "1215"]
[BlackElo "1514"]
[PlyCount "104"]
[GameId "2160767909829562"]
[EventDate "2011.01.06"]
[EventType "swiss"]
[EventRounds "7"]
[EventCountry "CAN"]

1. e4 e6 2. d4 d5 3. e5 c5 4. Nf3 Nc6 5. c3 Qb6 6. g3 Nh6 7. Bg2 Nf5 8. b3 cxd4 9. Nxd4 Ncxd4 10. cxd4 Qxd4 11. Qxd4 Nxd4 12. Kd2 Bc5 13. f4 Nf5 14. Ba3 Bxa3 15. Nxa3 Bd7 16. Rac1 O-O 17. Rhd1 Rfc8 18. Bf1 a6 19. Rc2 Nd4 20. Rxc8+ Rxc8 21. Kd3 Nf5 22. Bh3 Ne7 23. Bg2 Nc6 24. Nc2 Na7 25. Nd4 Nb5 26. Rd2 Rc3+ 27. Ke2 Nxd4+ 28. Rxd4 Rc2+ 29. Rd2 Bb5+ 30. Kd1 Rxd2+ 31. Kxd2 Kf8 32. f5 exf5 33. Bxd5 Bc6 34. Bc4 b5 35. Bd3 g6 36. Ke3 Ke7 37. Kf4 Ke6 38. h4 Ke7 39. a4 bxa4 40. bxa4 Bxa4 41. Bxa6 Bc6 42. Bc4 Bd7 43. Kg5 Be6 44. Be2 Bd5 45. Kh6 Ke6 46. Kxh7 Kxe5 47. Kg7 f4 48. gxf4+ Kxf4 49. Bb5 Kg4 50. Be8 Kxh4 51. Bxf7 Bxf7 52. Kxf7 g5 0-1

[Event "Scarborough CC Jack Frost U1700"]
[Site "Toronto CAN"]
[Date "2011.01.13"]
[Round "2"]
[White "Gandhi, Vishwa"]
[Black "Aghamalian, Leonid"]
[Result "0-1"]
[WhiteElo "1070"]
[BlackElo "1442"]
[PlyCount "54"]
[GameId "2160767909829563"]
[EventDate "2011.01.06"]
[EventType "swiss"]
[EventRounds "7"]
[EventCountry "CAN"]

1. d4 Nf6 2. Nc3 d5 3. Bf4 e6 4. a3 c5 5. e3 Nc6 6. Nb5 Qa5+ 7. c3 e5 8. dxe5 a6 9. exf6 axb5 10. Qxd5 Be6 11. Qd2 Rd8 12. Qc2 g6 13. Nf3 c4 14. Ng5 Bf5 15. e4 Nd4 16. Qc1 Nb3 17. Qe3 Bc5 18. Qe2 O-O 19. Rb1 Nd4 20. Qd1 Rfe8 21. Bd2 Nb3 22. Qf3 Nxd2 23. Qf4 Nxe4 24. Qh4 Nxg5+ 25. Be2 Bxb1 26. Qxg5 Qa4 27. Qxc5 Qd1# 0-1

[Event "Scarborough CC Jack Frost U1700"]
[Site "Toronto CAN"]
[Date "2011.01.13"]
[Round "2"]
[White "Graham, John"]
[Black "Gillis, Doug"]
[Result "1/2-1/2"]
[WhiteElo "1441"]
[BlackElo "1594"]
[PlyCount "97"]
[GameId "2160767909829564"]
[EventDate "2011.01.06"]
[EventType "swiss"]
[EventRounds "7"]
[EventCountry "CAN"]

1. c4 Nf6 2. Nc3 e6 3. a3 d5 4. e3 c5 5. d4 Nc6 6. Nf3 Be7 7. Be2 O-O 8. O-O dxc4 9. dxc5 Bxc5 10. Bxc4 a6 11. Qe2 b5 12. Ba2 Qc7 13. Rd1 Bb7 14. Bd2 Rfd8 15. Rac1 Ne5 16. Nxe5 Qxe5 17. b4 Bd6 18. f4 Qf5 19. Bb1 Qg4 20. Qxg4 Nxg4 21. h3 Nf6 22. e4 Bc7 23. Be3 Rxd1+ 24. Rxd1 Rd8 25. Rxd8+ Bxd8 26. e5 Nd5 27. Nxd5 Bxd5 28. Bc5 Bh4 29. Bf2 Be7 30. Bc5 Bxc5+ 31. bxc5 Kf8 32. Kf2 h6 33. g3 Ke7 34. Ke3 Kd7 35. Bc2 a5 36. Kd4 Kc6 37. h4 Bf3 38. g4 Bxg4 39. Be4+ Kd7 40. Kc3 Bf5 41. Ba8 f6 42. exf6 gxf6 43. Kd4 b4 44. axb4 axb4 45. Kc4 e5 46. fxe5 fxe5 47. Kxb4 Be6 48. Kc3 Bf5 49. Kd2 1/2-1/2

[Event "Scarborough CC Jack Frost U1700"]
[Site "Toronto CAN"]
[Date "2011.01.13"]
[Round "2"]
[White "Guo, Tan"]
[Black "Liang, Phillip"]
[Result "1/2-1/2"]
[WhiteElo "1477"]
[BlackElo "1190"]
[PlyCount "93"]
[GameId "2160767909829565"]
[EventDate "2011.01.06"]
[EventType "swiss"]
[EventRounds "7"]
[EventCountry "CAN"]

1. e4 e5 2. Nf3 Nc6 3. d4 exd4 4. Nxd4 Nf6 5. Nxc6 bxc6 6. e5 Nd5 7. c4 Ne7 8. Be2 Ng6 9. f4 Bc5 10. Nc3 O-O 11. Na4 Bb6 12. Nxb6 axb6 13. O-O f6 14. exf6 Qxf6 15. Qb3 Kh8 16. Kh1 Ne5 17. h3 Ng6 18. Bd2 Ba6 19. Rae1 Rae8 20. Qa3 Ra8 21. Qb3 Qh4 22. Bg4 d5 23. Be2 Nxf4 24. Bxf4 Rxf4 25. Rxf4 Qxe1+ 26. Bf1 Bxc4 27. Qf3 h6 28. Rf8+ Rxf8 29. Qxf8+ Kh7 30. Qf5+ Kg8 31. Qc8+ Kh7 32. Qf5+ Kg8 33. Qc8+ Kf7 34. Qxc7+ Kg6 35. Qd6+ Kf7 36. Qd7+ Qe7 37. Qf5+ Qf6 38. Qd7+ Kg8 39. Bxc4 dxc4 40. Qe8+ Kh7 41. Qe4+ g6 42. Qxc4 Qxb2 43. Qxc6 b5 44. Qb7+ Qg7 45. Qxb5 Qa1+ 46. Kh2 Qxa2 47. Qd7+ 1/2-1/2

[Event "Scarborough CC Jack Frost U1700"]
[Site "Toronto CAN"]
[Date "2011.01.13"]
[Round "2"]
[White "Liu, Peter"]
[Black "Xiao, Jerry"]
[Result "1-0"]
[WhiteElo "1264"]
[BlackElo "846"]
[PlyCount "53"]
[GameId "2160767909829567"]
[EventDate "2011.01.06"]
[EventType "swiss"]
[EventRounds "7"]
[EventCountry "CAN"]

1. e4 e5 2. Nf3 Nc6 3. Bb5 a6 4. Ba4 d6 5. O-O Nf6 6. Re1 Be7 7. c3 O-O 8. h3 b5 9. Bc2 Na7 10. d4 exd4 11. Nxd4 c5 12. Nf3 d5 13. exd5 Nxd5 14. Be4 Bb7 15. Qd3 g6 16. b3 c4 17. bxc4 bxc4 18. Qxc4 Nb6 19. Qd4 Qc7 20. Bh6 f6 21. Bxf8 Rxf8 22. Bxb7 Rd8 23. Qe4 f5 24. Qxe7 Rd7 25. Qe6+ Kf8 26. Qf6+ Rf7 27. Qh8# 1-0

[Event "Scarborough CC Jack Frost U1700"]
[Site "Toronto CAN"]
[Date "2011.01.13"]
[Round "2"]
[White "Patel, Saiyam"]
[Black "Cui, Gordon"]
[Result "0-1"]
[WhiteElo "968"]
[BlackElo "1355"]
[PlyCount "46"]
[GameId "2160767909829568"]
[EventDate "2011.01.06"]
[EventType "swiss"]
[EventRounds "7"]
[EventCountry "CAN"]

1. e3 e5 2. Bc4 Nf6 3. a3 d5 4. Ba2 Nc6 5. Nf3 Bg4 6. h3 Bh5 7. g4 Bg6 8. b4 a6 9. c3 Bd6 10. h4 h6 11. h5 Bh7 12. Rg1 Qe7 13. g5 hxg5 14. Nxg5 Bd3 15. Bxd5 Nxd5 16. Nf3 Nf6 17. Rxg7 Rxh5 18. Nh2 Rxh2 19. Rg1 O-O-O 20. b5 Qf8 21. c4 Qg8 22. Rxg8 Rh1+ 23. Rg1 Rxg1# 0-1

[Event "Scarborough CC Jack Frost U1700"]
[Site "Toronto CAN"]
[Date "2011.01.13"]
[Round "2"]
[White "Patel, Shivkumar"]
[Black "Yie, Kevin"]
[Result "0-1"]
[WhiteElo "918"]
[BlackElo "1303"]
[PlyCount "64"]
[GameId "2160767909829569"]
[EventDate "2011.01.06"]
[EventType "swiss"]
[EventRounds "7"]
[EventCountry "CAN"]

1. e4 e5 2. Nf3 Nc6 3. Nc3 Bc5 4. Bc4 Nf6 5. O-O d6 6. d3 Bg4 7. h3 Bh5 8. g4 Nxg4 9. hxg4 Bxg4 10. Be3 Bb6 11. Kg2 Rf8 12. Bxb6 axb6 13. Kg3 h5 14. Qe2 Nd4 15. Nxd4 Bxe2 16. Ndxe2 Qg5+ 17. Kf3 f5 18. exf5 Rxf5+ 19. Nf4 Rxf4+ 20. Ke3 Rxc4+ 21. Ke2 Rf4 22. Rg1 Qh4 23. Rxg7 Qxf2+ 24. Kd1 Qf1+ 25. Kd2 Qxa1 26. Rg8+ Rf8 27. Rxf8+ Kxf8 28. a3 h4 29. Nd1 h3 30. b3 h2 31. a4 h1=Q 32. Nf2 Qhe1# 0-1

[Event "Scarborough CC Jack Frost U1700"]
[Site "Toronto CAN"]
[Date "2011.01.13"]
[Round "2"]
[White "Rodriguez, Sergio"]
[Black "Aghamalian, Derick"]
[Result "0-1"]
[WhiteElo "1042"]
[BlackElo "1449"]
[PlyCount "100"]
[GameId "2160767909829570"]
[EventDate "2011.01.06"]
[EventType "swiss"]
[EventRounds "7"]
[EventCountry "CAN"]

1. e4 e6 2. Nf3 d5 3. Bd3 c5 4. b3 Nc6 5. O-O Be7 6. Bb2 Nf6 7. e5 Nd7 8. Nc3 d4 9. Ne4 Ndxe5 10. Bb5 O-O 11. Re1 a6 12. Bd3 Nxd3 13. cxd3 b6 14. Ng3 Nb4 15. Ne5 f6 16. a3 Nd5 17. Nc6 Qe8 18. Nxe7+ Qxe7 19. b4 Qa7 20. Ne4 cxb4 21. Bxd4 bxa3 22. Rxa3 Kh8 23. Qh5 e5 24. Bb2 Qf7 25. Qh4 Qg6 26. f3 Bb7 27. d4 exd4 28. Bxd4 Rfe8 29. Nd6 Rxe1+ 30. Qxe1 Nf4 31. Qg3 Ne2+ 32. Kf2 Nxg3 33. hxg3 Bxf3 34. gxf3 Rd8 35. Rxa6 Qd3 36. Ra4 Qxd2+ 37. Kg1 Qd1+ 38. Kh2 Qxa4 39. Nf7+ Kg8 40. Nxd8 Qxd4 41. Ne6 Qf2+ 42. Kh3 b5 43. g4 Qxf3+ 44. Kh4 Qh1+ 45. Kg3 Qe1+ 46. Kh3 Qxe6 47. Kh4 Qe3 48. g5 f5 49. g6 h6 50. Kh5 Qh3# 0-1

[Event "Scarborough CC Jack Frost U1700"]
[Site "Toronto CAN"]
[Date "2011.01.13"]
[Round "2"]
[White "Roy, Harrison"]
[Black "Souchko, Larissa"]
[Result "0-1"]
[WhiteElo "965"]
[BlackElo "1215"]
[PlyCount "46"]
[GameId "2160767909829571"]
[EventDate "2011.01.06"]
[EventType "swiss"]
[EventRounds "7"]
[EventCountry "CAN"]

1. e4 c5 2. Nf3 Nc6 3. d4 cxd4 4. Nxd4 d6 5. Nc3 Nf6 6. Bb5 Bd7 7. O-O e6 8. Bg5 g6 9. Qf3 Bg7 10. Nxc6 Bxc6 11. Bxc6+ bxc6 12. Rfd1 e5 13. Qd3 h6 14. Bxf6 Qxf6 15. Qxd6 Qxd6 16. Rxd6 Rc8 17. Rad1 O-O 18. Rd7 Ra8 19. Rc7 Rfc8 20. Rxc8+ Rxc8 21. Rd7 f5 22. Rxa7 Rd8 23. Na4 Rd1# 0-1

[Event "Scarborough CC Jack Frost U1700"]
[Site "Toronto CAN"]
[Date "2011.01.13"]
[Round "2"]
[White "Roy, Lawrence"]
[Black "Smith, Maurice"]
[Result "0-1"]
[WhiteElo "967"]
[BlackElo "1561"]
[PlyCount "80"]
[GameId "2160767909829572"]
[EventDate "2011.01.06"]
[EventType "swiss"]
[EventRounds "7"]
[EventCountry "CAN"]

1. e4 c5 2. Nf3 d6 3. Nc3 Nf6 4. Be2 g6 5. O-O Bg7 6. d4 cxd4 7. Nxd4 O-O 8. Re1 Bd7 9. h3 Nc6 10. Nxc6 Bxc6 11. Bf3 Rc8 12. e5 Bxf3 13. Qxf3 dxe5 14. Rxe5 Re8 15. Qxb7 Rc7 16. Qf3 e6 17. Bf4 Rd7 18. Rd1 Rxd1+ 19. Qxd1 Qxd1+ 20. Nxd1 Nd5 21. Re4 Rd8 22. Ne3 Nxe3 23. Bxe3 Bxb2 24. Bxa7 Ra8 25. Rb4 Be5 26. Ra4 Bb8 27. Rb4 Bxa7 28. Ra4 Bxf2+ 29. Kxf2 Rxa4 30. Ke2 Rxa2 31. Kd2 e5 32. Kc1 f5 33. Kd2 f4 34. Ke2 e4 35. h4 Rxc2+ 36. Kf1 e3 37. h5 g5 38. h6 g4 39. g3 f3 40. Ke1 Rc1# 0-1

[Event "Scarborough CC Jack Frost U1700"]
[Site "Toronto CAN"]
[Date "2011.01.13"]
[Round "2"]
[White "Song, Eric"]
[Black "Dattani, Dinesh"]
[Result "1-0"]
[WhiteElo "1414"]
[BlackElo "1457"]
[PlyCount "51"]
[GameId "2160767909829573"]
[EventDate "2011.01.06"]
[EventType "swiss"]
[EventRounds "7"]
[EventCountry "CAN"]

1. e4 e5 2. Nf3 d6 3. Bc4 Be7 4. Nc3 Nf6 5. h3 Nbd7 6. O-O O-O 7. d3 a6 8. Be3 b5 9. Bb3 Bb7 10. Qd2 Ne8 11. Rad1 Bf6 12. a3 h6 13. Rfe1 Nb6 14. d4 Nd7 15. Nd5 Rc8 16. Qd3 c5 17. dxc5 dxc5 18. c4 bxc4 19. Bxc4 Rc6 20. Nxf6+ Nexf6 21. Nxe5 Rc7 22. Bf4 Nxe5 23. Qxd8 Rxd8 24. Rxd8+ Kh7 25. Bxe5 Re7 26. Bxf6 1-0

[Event "Scarborough CC Jack Frost U1700"]
[Site "Toronto CAN"]
[Date "2011.01.13"]
[Round "2"]
[White "Vyravanathan, Sobiga"]
[Black "Kurkowski, Ken"]
[Result "0-1"]
[WhiteElo "1254"]
[BlackElo "1519"]
[PlyCount "86"]
[GameId "2160767909829574"]
[EventDate "2011.01.06"]
[EventType "swiss"]
[EventRounds "7"]
[EventCountry "CAN"]

1. e4 e6 2. d4 d5 3. exd5 exd5 4. Nf3 Nc6 5. Bb5 Bd6 6. Nc3 Nge7 7. O-O O-O 8. Bg5 h6 9. Bh4 Bg4 10. Nxd5 Bxh2+ 11. Kxh2 Qxd5 12. Bxe7 Nxe7 13. Be2 Rad8 14. c3 c5 15. dxc5 Qh5+ 16. Kg1 Rxd1 17. Raxd1 Qxc5 18. Rd4 Bxf3 19. Bxf3 Nc6 20. Rd5 Qb6 21. b3 Rd8 22. Rh5 Rd2 23. Kh1 Rxf2 24. Re1 Qd8 25. Rd5 Qh4+ 26. Kg1 Rxg2+ 27. Kxg2 Qxe1 28. Rd7 Qxc3 29. Rxb7 Ne5 30. Be4 Qd2+ 31. Kf1 Qf4+ 32. Kg1 Qxe4 33. Rb8+ Kh7 34. a3 Ng4 35. Rb4 Qf3 36. Rxg4 Qxg4+ 37. Kf2 h5 38. b4 h4 39. a4 h3 40. b5 h2 41. a5 h1=Q 42. b6 Qhf3+ 43. Ke1 Qe2# 0-1

[Event "Scarborough CC Jack Frost U1700"]
[Site "Toronto CAN"]
[Date "2011.01.20"]
[Round "2"]
[White "Veecock, Carl"]
[Black "Song, Eric"]
[Result "0-1"]
[WhiteElo "1356"]
[BlackElo "1417"]
[PlyCount "54"]
[GameId "2160767909829575"]
[EventDate "2011.01.06"]
[EventType "swiss"]
[EventRounds "7"]
[EventCountry "CAN"]

1. Nf3 Nc6 2. g3 e5 3. d3 d5 4. Bg2 Nf6 5. O-O Bc5 6. Bg5 h6 7. Bxf6 Qxf6 8. Nbd2 O-O 9. a3 Bg4 10. b4 Bb6 11. c4 dxc4 12. Nxc4 Bxf3 13. Nxb6 Bxg2 14. Nxa8 Bxf1 15. Nxc7 Bh3 16. Nd5 Qd6 17. Nc3 Rd8 18. Ne4 Qd5 19. f3 Qd4+ 20. Kh1 f5 21. Nd2 Qf2 22. Qg1 Qxe2 23. Rd1 Rxd3 24. g4 Rxd2 25. Rxd2 Qxd2 26. gxf5 Qe2 27. Qg3 Qf1+ 0-1

[Event "Scarborough CC Jack Frost U1700"]
[Site "Toronto CAN"]
[Date "2011.01.20"]
[Round "3"]
[White "Al Ganabi, Yasir"]
[Black "Gandhi, Vishwa"]
[Result "1-0"]
[WhiteElo "1348"]
[BlackElo "1070"]
[PlyCount "81"]
[GameId "2160767909829576"]
[EventDate "2011.01.06"]
[EventType "swiss"]
[EventRounds "7"]
[EventCountry "CAN"]

1. e4 c5 2. Nf3 d6 3. Nc3 Nc6 4. Bb5 e5 5. O-O a6 6. Bxc6+ bxc6 7. d3 g6 8. Re1 Nf6 9. Bg5 h6 10. Bxf6 Qxf6 11. a4 g5 12. Nd2 Be6 13. a5 d5 14. Na4 Rb8 15. Nb3 Rb5 16. Nc3 Rb4 17. Ra4 Rxa4 18. Nxa4 c4 19. Nbc5 Bc8 20. Nb6 Bxc5 21. Nxc8 Qxf2+ 22. Kh1 O-O 23. Rf1 Qh4 24. Qf3 dxe4 25. dxe4 g4 26. Qf5 g3 27. h3 h5 28. c3 f6 29. b4 Be3 30. Ne7+ Kh8 31. Ng6+ Kg7 32. Nxh4 Rd8 33. Qxf6+ Kh7 34. Qxd8 Bh6 35. Qe7+ Kg8 36. Nf5 Bf8 37. Qg5+ Kh8 38. Rd1 c5 39. Rd8 Kh7 40. Rxf8 h4 41. Qg7# 1-0

[Event "Scarborough CC Jack Frost U1700"]
[Site "Toronto CAN"]
[Date "2011.01.20"]
[Round "3"]
[White "Cui, Gordon"]
[Black "Rodriguez, Sergio"]
[Result "1-0"]
[WhiteElo "1355"]
[BlackElo "1042"]
[PlyCount "77"]
[GameId "2160767909829577"]
[EventDate "2011.01.06"]
[EventType "swiss"]
[EventRounds "7"]
[EventCountry "CAN"]

1. e4 e5 2. Nf3 Nc6 3. Bc4 Nf6 4. d4 exd4 5. O-O Bc5 6. e5 Ng4 7. Bxf7+ Kxf7 8. Ng5+ Ke8 9. Qxg4 d6 10. Qf3 Nxe5 11. Re1 Rf8 12. Qh5+ g6 13. Qxh7 Qe7 14. Qxe7+ Kxe7 15. Nf3 Bg4 16. Nxe5 dxe5 17. Rxe5+ Kd6 18. Rg5 Be2 19. Rxg6+ Kd7 20. Nd2 Rae8 21. Nb3 b6 22. Nxc5+ bxc5 23. Bh6 Rf7 24. Rg7 Rxg7 25. Bxg7 a5 26. Re1 a4 27. f3 Rg8 28. Rxe2 Rxg7 29. Rd2 Rg8 30. c3 Kc6 31. cxd4 c4 32. Rc2 Kd5 33. Rd2 Rd8 34. Kf2 a3 35. b3 c3 36. Rd3 c2 37. Rc3 Kxd4 38. Rxc2 c5 39. Rd2+ 1-0

[Event "Scarborough CC Jack Frost U1700"]
[Site "Toronto CAN"]
[Date "2011.01.20"]
[Round "3"]
[White "Dattani, Dinesh"]
[Black "Roy, Lawrence"]
[Result "1-0"]
[WhiteElo "1457"]
[BlackElo "967"]
[PlyCount "105"]
[GameId "2160767909829578"]
[EventDate "2011.01.06"]
[EventType "swiss"]
[EventRounds "7"]
[EventCountry "CAN"]

1. e4 e5 2. Nf3 Nf6 3. Nc3 Bb4 4. d3 Bxc3+ 5. bxc3 Nc6 6. Bg5 O-O 7. Qd2 d6 8. Be2 h6 9. Bh4 Re8 10. h3 b6 11. O-O Bb7 12. Rab1 Rb8 13. c4 a5 14. c3 Re6 15. Qd1 Qd7 16. Nh2 Rbe8 17. Ng4 g5 18. Nxh6+ Kh8 19. Bxg5 Nh7 20. Be3 Rf6 21. Bg4 Qd8 22. Bf5 Kg7 23. Qg4+ Kh8 24. Qh5 Rf8 25. Bxh7 Qe7 26. Bg5 Rxh6 27. Qxh6 f6 28. Bg6+ Kg8 29. Be3 Rd8 30. f4 Rc8 31. f5 Nd8 32. Rf3 Nf7 33. Qh7+ Kf8 34. Rg3 Ke8 35. Bh5 Kd7 36. Rg7 Rh8 37. Qg6 Rf8 38. Rxf7 Rxf7 39. Qxf7 Qxf7 40. Bxf7 Ke7 41. Be6 Ke8 42. g4 Ke7 43. Rf1 Kf8 44. h4 Kg7 45. g5 fxg5 46. hxg5 Ba6 47. Rf3 b5 48. f6+ Kf8 49. g6 bxc4 50. g7+ Ke8 51. f7+ Ke7 52. f8=Q+ Kxe6 53. Qe8# 1-0

[Event "Scarborough CC Jack Frost U1700"]
[Site "Toronto CAN"]
[Date "2011.01.20"]
[Round "3"]
[White "Farhang, Arvin"]
[Black "Aghamalian, Leonid"]
[Result "0-1"]
[WhiteElo "1593"]
[BlackElo "1442"]
[PlyCount "70"]
[GameId "2160767909829579"]
[EventDate "2011.01.06"]
[EventType "swiss"]
[EventRounds "7"]
[EventCountry "CAN"]

1. d4 Nf6 2. c4 e6 3. Nc3 Bb4 4. Nf3 O-O 5. Bg5 b6 6. e4 d6 7. Qc2 h6 8. Bh4 e5 9. dxe5 dxe5 10. Nxe5 Re8 11. f4 Bxc3+ 12. Qxc3 Nxe4 13. Bxd8 Nxc3 14. Bxc7 Ne4 15. Be2 Na6 16. Bf3 Bb7 17. Bxe4 Bxe4 18. Bd6 f6 19. O-O fxe5 20. fxe5 Nc5 21. Rae1 Bd3 22. Rf4 Nb7 23. Ba3 Re6 24. Rd4 Bh7 25. Rd7 Na5 26. b3 Nc6 27. Rd5 Rae8 28. Bd6 Nd8 29. b4 Nf7 30. c5 bxc5 31. bxc5 Nxd6 32. cxd6 Rd8 33. Rc1 Be4 34. Rdc5 Ree8 35. d7 Rxd7 0-1

[Event "Scarborough CC Jack Frost U1700"]
[Site "Toronto CAN"]
[Date "2011.01.20"]
[Round "3"]
[White "Kurkowski, Ken"]
[Black "Liu, Peter"]
[Result "1/2-1/2"]
[WhiteElo "1519"]
[BlackElo "1264"]
[PlyCount "99"]
[GameId "2160767909829580"]
[EventDate "2011.01.06"]
[EventType "swiss"]
[EventRounds "7"]
[EventCountry "CAN"]

1. d4 Nf6 2. Nf3 g6 3. Nc3 Bg7 4. e4 d6 5. Be2 e6 6. Bg5 Qd7 7. Qd2 O-O 8. O-O-O c5 9. Bh6 Ng4 10. Bxg7 Kxg7 11. h4 h5 12. Ng5 Nxf2 13. Bb5 Nxe4 14. Ngxe4 Qe7 15. Qf4 cxd4 16. Ne2 e5 17. Qf2 Qe6 18. b3 Qd5 19. N2c3 Qe6 20. Bc4 Qf5 21. Qxf5 Bxf5 22. Nxd6 dxc3 23. Rhf1 Be6 24. Bxe6 fxe6 25. Rxf8 Kxf8 26. Nxb7 Nc6 27. Nc5 Ke7 28. Ne4 Nb4 29. Nxc3 Rc8 30. Kb2 Kf6 31. Ne4+ Kf5 32. Nd6+ Kg4 33. Nxc8 Kxh4 34. Ne7 g5 35. Ng6+ Kg3 36. Rd2 e4 37. Re2 g4 38. Rxe4 Nd5 39. Rxe6 h4 40. Nxh4 Kxh4 41. c4 Nf4 42. c5 Nxe6 43. b4 Nc7 44. a4 Kg5 45. b5 Kf6 46. c6 Ke7 47. Kc3 Kd6 48. Kd3 Kd5 49. Ke3 Ke5 50. g3 1/2-1/2

[Event "Scarborough CC Jack Frost U1700"]
[Site "Toronto CAN"]
[Date "2011.01.20"]
[Round "3"]
[White "Liang, Phillip"]
[Black "Law, James"]
[Result "1-0"]
[WhiteElo "1190"]
[BlackElo "1514"]
[PlyCount "79"]
[GameId "2160767909829581"]
[EventDate "2011.01.06"]
[EventType "swiss"]
[EventRounds "7"]
[EventCountry "CAN"]

1. d4 d5 2. Nf3 Nf6 3. c4 e6 4. Nc3 Be7 5. Bg5 O-O 6. e3 b6 7. cxd5 exd5 8. Bd3 c6 9. Rc1 Bb7 10. O-O Nbd7 11. a3 Re8 12. Re1 h6 13. Bf4 Nh5 14. Bg3 Nxg3 15. hxg3 Bf6 16. b4 Rc8 17. Na4 g6 18. Qe2 Bg7 19. Ba6 Bxa6 20. Qxa6 Rc7 21. Red1 Nf6 22. Qd3 Ne4 23. Nd2 Qf6 24. Nxe4 Rxe4 25. Nc3 Re8 26. Nxd5 Qd6 27. Nxc7 Qxc7 28. b5 Re6 29. d5 Rd6 30. Rxc6 Rxc6 31. dxc6 Bf6 32. Qd7 Qxd7 33. Rxd7 Kg7 34. c7 Bb2 35. a4 Ba3 36. c8=Q h5 37. Qc7 Kh6 38. Rxf7 a5 39. Qf4+ g5 40. Qf6# 1-0

[Event "Scarborough CC Jack Frost U1700"]
[Site "Toronto CAN"]
[Date "2011.01.20"]
[Round "3"]
[White "Lin, Benjamin"]
[Black "Teram, Eli"]
[Result "1/2-1/2"]
[WhiteElo "1060"]
[BlackElo "1291"]
[PlyCount "64"]
[GameId "2160767909829582"]
[EventDate "2011.01.06"]
[EventType "swiss"]
[EventRounds "7"]
[EventCountry "CAN"]

1. c4 e5 2. Nc3 Nf6 3. d3 h6 4. Nf3 Nc6 5. e4 Bc5 6. Be2 Ng4 7. O-O Nf6 8. Nd5 O-O 9. Bd2 d6 10. Be3 Nd4 11. Nxd4 c6 12. Nxf6+ Qxf6 13. Nc2 Bxe3 14. Nxe3 Qg5 15. h3 Bxh3 16. Bg4 Bxg4 17. Qxg4 Qd8 18. Nf5 Qf6 19. Ng3 g5 20. Qf5 Qe7 21. Nh5 f6 22. Qg6+ Kh8 23. Qxh6+ Kg8 24. Qg6+ Kh8 25. Qf5 Rf7 26. Rfe1 Raf8 27. Re3 Rh7 28. Ng3 Rg8 29. Rae1 g4 30. Kf1 Rg5 31. Qc8+ Rg8 32. Qf5 Rg5 1/2-1/2

[Event "Scarborough CC Jack Frost U1700"]
[Site "Toronto CAN"]
[Date "2011.01.20"]
[Round "3"]
[White "Palakkal, Anirudh"]
[Black "Patel, Saiyam"]
[Result "0-1"]
[WhiteElo "754"]
[BlackElo "968"]
[PlyCount "30"]
[GameId "2160767909829583"]
[EventDate "2011.01.06"]
[EventType "swiss"]
[EventRounds "7"]
[EventCountry "CAN"]

1. d4 c6 2. Nf3 Qa5+ 3. Bd2 Qd5 4. a3 d6 5. Nc3 Qc4 6. e3 Qe6 7. Bd3 Qg4 8. O-O e5 9. Be2 Qg6 10. Nh4 Qe6 11. b3 Be7 12. g3 Bxh4 13. gxh4 Qg6+ 14. Kh1 Bh3 15. h5 Qg2# 0-1

[Event "Scarborough CC Jack Frost U1700"]
[Site "Toronto CAN"]
[Date "2011.01.20"]
[Round "3"]
[White "Pishdad, Hassan"]
[Black "Guo, Tan"]
[Result "0-1"]
[WhiteElo "1189"]
[BlackElo "1477"]
[PlyCount "75"]
[GameId "2160767909829584"]
[EventDate "2011.01.06"]
[EventType "swiss"]
[EventRounds "7"]
[EventCountry "CAN"]

1. d4 d5 2. c4 e6 3. Nc3 Nf6 4. Nf3 c6 5. e3 Nbd7 6. Bd3 dxc4 7. Bxc4 Nd5 8. Bd2 Be7 9. O-O O-O 10. Qc2 N7b6 11. Bd3 h6 12. a3 Bd7 13. e4 Nxc3 14. Bxc3 Rc8 15. b4 Qc7 16. Ne5 Bd6 17. Nf3 Rfe8 18. e5 Be7 19. Qe2 Nd5 20. Qe4 f5 21. Qe1 Nf4 22. Bc4 c5 23. bxc5 b6 24. Bd2 Nd5 25. Bxd5 exd5 26. cxb6 axb6 27. Qb1 Ra8 28. Qb3 Bf8 29. Qxd5+ Be6 30. Qb5 Bc4 31. Rfc1 Bxb5 32. Rxc7 Rxa3 33. Rxa3 Bxa3 34. Rb7 Re6 35. Nh4 Bd3 36. f4 Be4 37. Rb8+ Kh7 38. Ra8 0-1

[Event "Scarborough CC Jack Frost U1700"]
[Site "Toronto CAN"]
[Date "2011.01.20"]
[Round "3"]
[White "Roy, Harrison"]
[Black "Azizi, Hamid"]
[Result "0-1"]
[WhiteElo "965"]
[BlackElo "1432"]
[PlyCount "64"]
[GameId "2160767909829585"]
[EventDate "2011.01.06"]
[EventType "swiss"]
[EventRounds "7"]
[EventCountry "CAN"]

1. e4 c5 2. Nf3 g6 3. Nc3 Bg7 4. Be2 e5 5. O-O d6 6. Bb5+ Nc6 7. Bxc6+ bxc6 8. d3 Bg4 9. h3 Be6 10. Bg5 Qd7 11. Re1 f6 12. Bd2 Ne7 13. Ne2 O-O 14. Ba5 Rab8 15. Nh2 Rxb2 16. Rb1 Rxa2 17. Bc3 Ra6 18. Ra1 Rb6 19. Ba5 Rb7 20. Rb1 Rfb8 21. Rxb7 Rxb7 22. Nc3 Bh6 23. Na4 Rb5 24. Bd2 Bg7 25. Ng4 g5 26. Qf3 Bxg4 27. Qxg4 Qxg4 28. hxg4 Ng6 29. Nc3 Rb2 30. Ra1 Rb7 31. Rb1 Rb4 32. Nd5 Rxb1+ 0-1